Wszyscy Indywidualni Mistrzowie Polski od 1949 roku! - Statystyki

Ogólne statystyki
  • Ten quiz został rozwiązany 418 razy
  • Średni wynik to 14 z 44
Statystyki odpowiedzi
Lata Zawodnik % Poprawnych
2021,2022 Bartosz Zmarzlik
99%
1992,1993,1994,1995,2001,2002,2006,2009 Tomasz Gollob
92%
2015,2020 Maciej Janowski
88%
2016 Patryk Dudek
84%
2005,2010,2013,2019 Janusz Kołodziej
81%
2018 Piotr Pawlicki
75%
2011 Jarosław Hampel
72%
2017 Szymon Woźniak
67%
2014 Krzysztof Kasprzak
65%
1999 Piotr Protasiewicz
65%
1975,1983 Edward Jancarz
48%
1998,2000 Jacek Gollob
46%
2004 Grzegorz Walasek
45%
2003,2007 Rune Holta
45%
1949 Alfred Smoczyk
39%
1991,1996 Sławomir Drabik
38%
1972,1974,1979,1984,1985 Zenon Plech
37%
1982 Andrzej Huszcza
32%
2012 Tomasz Jędrzejak
32%
2008 Adam Skórnicki
30%
1981,1988 Roman Jankowski
29%
1966 Antoni Woryna
28%
1990 Zenon Kasprzak
16%
1964,1968,1969,1973 Andrzej Wyglenda
13%
1953,1956,1961,1962 Florian Kapała
13%
1987 Wojciech Żabiałowicz
13%
1978,1980 Bernard Jąder
12%
1977 Bogusław Nowak
11%
1963 Henryk Żyto
11%
1958,1965 Stanisław Tkocz
11%
1950 Józef Olejniczak
9%
1986 Maciej Jaworek
9%
1976 Zdzisław Dobrucki
9%
1970 Edmund Migoś
8%
1989 Wojciech Załuski
8%
1954 Mieczysław Połukard
7%
1951,1955 Włodzimierz Szwendrowski
6%
1967 Zygmunt Pytko
6%
1952 Edward Kupczyński
5%
1971 Jerzy Gryt
5%
1960 Konstanty Pociejkowicz
5%
1957 Marian Kaiser
5%
1959 Stefan Kwoczała
5%
1997 Jacek Kryżaniak
4%
Nie znaleziono quizów pasujących do podanych kryteriów
Rozkład punktacji
Procent ludzi z każdym wynikiem
Percentyl według liczby udzielonych odpowiedzi
Twoja historia wyników
Nie rozwiązałeś tego quizu